25th anniversary series Blundell lectures (Record no. 100696)
[ view plain ]
| 000 -LEADER | |
|---|---|
| fixed length control field | 01090cam a2200277 4500 |
| 001 - CONTROL NUMBER | |
| control field | J107436 |
| 008 - FIXED-LENGTH DATA ELEMENTS--GENERAL INFORMATION | |
| fixed length control field | 000000n2000 000 0 eng u |
| 035 ## - SYSTEM CONTROL NUMBER | |
| System control number | (Sirsi) u107436 |
| 041 ## - LANGUAGE CODE | |
| Language code of text/sound track or separate title | eng |
| 050 ## - LIBRARY OF CONGRESS CALL NUMBER | |
| Classification number | 346.4104343 |
| -- | 18 |
| 100 ## - MAIN ENTRY--PERSONAL NAME | |
| Personal name | Millet of St Marylebone, Peter Julian Millet |
| Titles and words associated with a name | Baron |
| 245 ## - TITLE STATEMENT | |
| Title | 25th anniversary series Blundell lectures |
| Remainder of title | topical issues in property law - repudiation of leases |
| 260 ## - PUBLICATION, DISTRIBUTION, ETC. | |
| Place of publication, distribution, etc. | London |
| Name of publisher, distributor, etc. | Law Society |
| Date of publication, distribution, etc. | 2000 |
| 300 ## - PHYSICAL DESCRIPTION | |
| Extent | 40p. |
| Dimensions | 30cm. |
| 350 ## - PRICE (NR) (BK AM CF MU VM SE) [OBSOLETE] | |
| Price | 25 |
| 490 ## - SERIES STATEMENT | |
| Series statement | Blundell Lectures |
| 505 ## - FORMATTED CONTENTS NOTE | |
| Formatted contents note | Repudiatory breach of contract and leases. |
| 505 ## - FORMATTED CONTENTS NOTE | |
| Formatted contents note | Why leases are determinable by an accepted repudiation. |
| 520 ## - SUMMARY, ETC. | |
| Summary, etc. | In this paper Lord Millett speaks for the proposition that the contractural doctrine of repudiatory breach of contract forms no part of landlord and tenant law and Sir David Neuberger speaks against the proposition. |
| 650 ## - SUBJECT ADDED ENTRY--TOPICAL TERM | |
| Topical term or geographic name entry element | BREACH OF CONTRACT |
| 650 ## - SUBJECT ADDED ENTRY--TOPICAL TERM | |
| Topical term or geographic name entry element | REPUDIATION OF LEASE |
| 650 ## - SUBJECT ADDED ENTRY--TOPICAL TERM | |
| Topical term or geographic name entry element | LEASES |
| 690 ## - LOCAL SUBJECT ADDED ENTRY--TOPICAL TERM (OCLC, RLIN) | |
| Topical term or geographic name as entry element | LANDLORD AND TENANT-LEASES |
| 700 ## - ADDED ENTRY--PERSONAL NAME | |
| Personal name | Neuberger, David Edmond |
| Titles and other words associated with a name | Sir |
| Dates associated with a name | 1948- |
| 942 ## - ADDED ENTRY ELEMENTS (KOHA) | |
| Suppress in OPAC | 0 |
| Withdrawn status | Lost status | Source of classification or shelving scheme | Damaged status | Not for loan | Home library | Current library | Shelving location | Date acquired | Cost, normal purchase price | Total Checkouts | Full call number | Barcode | Date last seen | Copy number | Cost, replacement price | Price effective from | Koha item type |
|---|---|---|---|---|---|---|---|---|---|---|---|---|---|---|---|---|---|
| Dewey Decimal Classification | London | London | Folio | 17/03/2004 | 25.00 | F346.4104343 MIL | 30069024 | 06/08/2019 | 1 | 25.00 | 06/08/2019 | Book |